Deutsch für Architekten : Stadt-und Raumplaner

Saved in:
Bibliographic Details
Main Author: Záhorcová, Jana, 1948- (Author)
Format: Book
Language:German
Published: Bratislava : FA STU- ROAD, 1999
Subjects:
Tags: Add Tag
No Tags, Be the first to tag this record!

MARC

LEADER 00000nam a22000003a 4500
001 stu57539
005 20150617225653.6
008 010403s1999------------------------ger-d
020 |a 80-967511-7-4 
040 |a STU  |b slo 
041 0 |a ger 
100 1 |a Záhorcová, Jana,  |d 1948-  |4 aut  |u A0033  |U FA Centrum pre podporu vzdelávania  |T FA Kabinet jazykov  |X 425  |U A0033  |Y 390  |7 A000000425 
245 1 |a Deutsch für Architekten :  |b Stadt-und Raumplaner 
260 |a Bratislava :  |b FA STU- ROAD,  |c 1999 
300 |a 305 s 
650 7 |a Jazyky cudzie  |2 stusub 
996 |b 284AS02422  |c A*3293 S  |l AAKNST  |s P  |a 0  |w stu57539_0001 
996 |b 284AS01683  |c A*3355 S  |l AAKNAR  |s A  |a 24  |w stu57539_0004 
996 |b 284AS01860  |c A*3356 S  |l AAKNAR  |s A  |a 24  |w stu57539_0005 
996 |b 284AS01685  |c A*3358 S  |l AAKNAR  |s A  |a 24  |w stu57539_0007 
996 |b 284AS01679  |c A*3299 S  |l AAKNAR  |s A  |a 24  |w stu57539_0012 
996 |b 284AS01677  |c A*3296 S  |l AAKNAR  |s A  |a 24  |w stu57539_0016